| 000 | 00600nam a2200229Ia 4500 | ||
|---|---|---|---|
| 008 | 160404s9999 xx 000 0 und d | ||
| 020 | _a971-23-4269-7 | ||
| 050 | _aFIL HD 38 | ||
| 050 | _b.L39 2005 c.1 | ||
| 100 | _aLazaro, Roberto. | ||
| 245 | _aPhilosophy of business / | ||
| 245 | _cRoberto Lazaro. | ||
| 260 | _aManila : | ||
| 260 | _bRex Book Store, Inc., | ||
| 260 | _c2005 | ||
| 300 | _a333 pages : | ||
| 300 | _billustrations ; | ||
| 300 | _c22 cm. | ||
| 500 | _aIncludes bibliographical references and index. | ||
| 650 | _aBusiness -- Philosophy. | ||
| 650 | _xMarketing. | ||
| 999 |
_c293171 _d293171 |
||